| 000 -CABECERA |
| campo de control de longitud fija |
00455nam a22001695a 4500 |
| 001 - NÚMERO DE CONTROL |
| campo de control |
1664285 |
| 003 - IDENTIFICADOR DEL NÚMERO DE CONTROL |
| campo de control |
OSt |
| 005 - FECHA Y HORA DE LA ÚLTIMA TRANSACCIÓN |
| campo de control |
20210802121629.0 |
| 008 - DATOS DE LONGITUD FIJA--INFORMACIÓN GENERAL |
| campo de control de longitud fija |
201015s g 000 0dspa d |
| 020 ## - NÚMERO INTERNACIONAL ESTÁNDAR DEL LIBRO |
| Número Internacional Estándar del Libro |
9789584288585 |
| 040 ## - FUENTE DE LA CATALOGACIÓN |
| Centro catalogador/agencia de origen |
CO-MqBPB |
| Lengua de catalogación |
spa |
| Centro/agencia transcriptor |
CO-MqBPB |
| 082 ## - NÚMERO DE LA CLASIFICACIÓN DECIMAL DEWEY |
| Número de clasificación |
AN FRAs |
| 245 10 - MENCIÓN DE TÍTULO |
| Título |
La sombra de mi padre / |
| Mención de responsabilidad, etc. |
Martín Franco Velez. |
| 260 ## - PUBLICACIÓN, DISTRIBUCIÓN, ETC. |
| Nombre del editor, distribuidor, etc. |
Editorial Planeta Colombiana S.A, |
| Fecha de publicación, distribución, etc. |
2020. |
| Lugar de publicación, distribución, etc. |
Bogotá, |
| 300 ## - DESCRIPCIÓN FÍSICA |
| Extensión |
135 p. |
| Dimensiones |
23 cm |
| 942 ## - ELEMENTOS DE PUNTO DE ACCESO ADICIONAL (KOHA) |
| Fuente del sistema de clasificación o colocación |
|
| Tipo de ítem Koha |
Libro |